| 000 | 00734nam a2200241 a 4500 | ||
|---|---|---|---|
| 999 |
_c763 _d763 |
||
| 001 | 763 | ||
| 003 | BD-JhCC | ||
| 005 | 20171010173555.0 | ||
| 008 | 171009s2010 bg |||| |||| 000 0 ben d | ||
| 020 | _a9847013800750 | ||
| 035 | _a(BD-JhCC) 763 | ||
| 040 |
_aBD-JhCC _dBD-JhCC |
||
| 041 | _aben | ||
| 082 |
_222 _a302 _bISL 2010 |
||
| 100 | _aইসলাম, জুলফিয়া | ||
| 245 |
_aসম্পর্কের ভাঙাগড়া / _cজুলফিয়া ইসলাম. |
||
| 260 |
_aঢাকা : _bবিদ্যাপ্রকাশ, _c২০১০. |
||
| 300 |
_a143 pages : _c22 cm. |
||
| 520 | _aOn human relationship. | ||
| 650 | _aInterpersonal relations | ||
| 942 |
_2ddc _cBK |
||